000 00722pam a2200241 a 4500
001 1104975
005 20180221044944.0
008 930413s1994 nyu b 001 0 eng
010 _a 93001645
020 _a0070605394 (acidfree paper)
040 _aDLC
_cDLC
_dDLC
041 _aeng
043 _an-us---
080 _a370..973 joe
082 0 0 _a370..973 joe
_220
100 1 _a48
101 _a48
245 1 4 _aThe American school, 1642-1993 /
_cJoel Spring.
504 _aIncludes bibliographical references and index.
906 _a7
_bcbc
_corignew
_d1
_eocip
_f19
_gy-gencatlg
942 _2ddc
_cBK
999 _c43022
_d43022